| 000 | 00000nas 2200000za 4500 |
| 001 | 9.500111 |
| 003 | CaOODSP |
| 005 | 20200325101535 |
| 007 | cr ||||||||||| |
| 008 | 150406c1999||||xxc|| p o||||f| |0eng|d |
| 022 | |a1487-5039 |
| 040 | |aCaOODSP|beng |
| 041 | |aeng |
| 041 | |afre |
| 043 | |an-cn--- |
| 086 | 1 |aSN2-11-IN |
| 110 | 1 |aCanada.|bNational Library of Canada. |
| 245 | 10|aForthcoming books |h[electronic resource] : |ba product of the Canadian Cataloguing in Publication Program |
| 260 | |aOttawa - Ontario : |bNational Library of Canada |c1997-2003. |
| 310 | |aMonthly |
| 362 | 1 |a(Jan. 1997)-(Dec. 2003) |
| 500 | |a"These listings are provided by the National Library of Canada which coordinates the National CIP (Cataloguing in Publication) Program. CIP attempts to provide advance information on books of all Canadian publishers so that it can be used by libraries and booksellers in selecting, ordering and cataloguing books."--Page 1. "Forthcoming Books is distributed by Quill and Quire in Toronto and Livre d'ici in Montreal."--Page 1. |
| 520 | 3 |aThese listings are provided by the National Library of Canada which coordinates the National CIP (Cataloguing in Publication) Program. CIP attempts to provide advance information on books of all Canadian publishers so that it can be used by libraries and booksellers in selecting, ordering and cataloguing books.--Page 1 Forthcoming Books is distributed by Quill and Quire in Toronto and Livre d'ici in Montreal.--Page 1 |
| 546 | |aBilingual |
| 776 | 0#|tLivres à paraître : |w(CaOODSP)9.508717 |
| 792 | |tLivres à paraître : |efre|w(CaOODSP)9.500112 |